[Event "EYCC 2024 - G14"]
[Site "?"]
[Date "2024.08.29"]
[Round "7.1"]
[White "Sida, Flavia-Maria"]
[Black "Bauer, Laura Sophie"]
[Result "1-0"]
[BlackElo "1943"]
[WhiteElo "1746"]
[LiveChessVersion "1.4.8"]

1. e4 {[%clk 1:27:40]} c5 {[%clk 1:30:54]} 2. Nf3 {[%clk 1:28:04]} Nc6
{[%clk 1:31:18]} 3. d4 {[%clk 1:28:22]} cxd4 {[%clk 1:31:38]} 4. Nxd4
{[%clk 1:28:46]} g6 {[%clk 1:32:01]} 5. c4 {[%clk 1:29:12]} Nf6 {[%clk 1:32:21]}
6. Nc3 {[%clk 1:29:38]} d6 {[%clk 1:32:44]} 7. f3 {[%clk 1:30:02]} Nxd4
{[%clk 1:33:05]} 8. Qxd4 {[%clk 1:30:26]} Bg7 {[%clk 1:33:28]} 9. Be3
{[%clk 1:30:51]} O-O {[%clk 1:33:49]} 10. Qd2 {[%clk 1:31:19]} Be6
{[%clk 1:32:27]} 11. Rc1 {[%clk 1:31:42]} Qa5 {[%clk 1:31:07]} 12. b3
{[%clk 1:30:07]} Rfc8 {[%clk 1:30:48]} 13. Bd3 {[%clk 1:30:30]} a6
{[%clk 1:30:12]} 14. Ne2 {[%clk 1:30:52]} Qxd2+ {[%clk 1:26:45]} 15. Kxd2
{[%clk 1:31:17]} b5 {[%clk 1:14:15]} 16. Nd4 {[%clk 1:31:17]} Bd7
{[%clk 1:11:56]} 17. Rc2 {[%clk 1:29:04]} bxc4 {[%clk 1:10:59]} 18. Bxc4
{[%clk 1:23:50]} a5 {[%clk 1:04:03]} 19. Rhc1 {[%clk 1:23:13]} a4
{[%clk 0:58:02]} 20. b4 {[%clk 1:21:29]} e6 {[%clk 0:42:40]} 21. b5
{[%clk 1:11:10]} d5 {[%clk 0:39:41]} 22. exd5 {[%clk 1:10:29]} Nxd5
{[%clk 0:36:20]} 23. Bxd5 {[%clk 1:10:17]} exd5 {[%clk 0:36:36]} 24. Rxc8+
{[%clk 1:09:36]} Rxc8 {[%clk 0:36:59]} 25. Rxc8+ {[%clk 1:05:36]} Bxc8
{[%clk 0:37:22]} 26. Nc6 {[%clk 1:05:46]} Bd7 {[%clk 0:31:57]} 27. Bc5
{[%clk 0:55:46]} Bf6 {[%clk 0:25:08]} 28. f4 {[%clk 0:51:24]} h5 {[%clk 0:20:33]}
29. Na7 {[%clk 0:49:08]} Bd8 {[%clk 0:17:58]} 30. Kc3 {[%clk 0:44:42]} Bc7
{[%clk 0:16:43]} 31. g3 {[%clk 0:44:59]} f6 {[%clk 0:12:42]} 32. Kd4
{[%clk 0:44:09]} Kf7 {[%clk 0:12:29]} 33. Kxd5 {[%clk 0:43:25]} Bb8
{[%clk 0:11:33]} 34. Nc6 {[%clk 0:43:27]} 1-0

[Event "EYCC 2024 - G14"]
[Site "?"]
[Date "2024.08.29"]
[Round "7.2"]
[White "Andries, Leia"]
[Black "Ashotia, Barbare"]
[Result "0-1"]
[BlackElo "1724"]
[WhiteElo "1937"]
[LiveChessVersion "1.4.8"]

1. e4 {[%clk 1:30:59]} c6 {[%clk 1:30:52]} 2. d4 {[%clk 1:31:24]} d5
{[%clk 1:31:13]} 3. e5 {[%clk 1:31:50]} c5 {[%clk 1:31:21]} 4. Nf3
{[%clk 1:32:15]} cxd4 {[%clk 1:31:41]} 5. Nxd4 {[%clk 1:32:40]} Nc6
{[%clk 1:31:50]} 6. c4 {[%clk 1:33:01]} e6 {[%clk 1:31:52]} 7. Nc3
{[%clk 1:33:25]} Bb4 {[%clk 1:32:05]} 8. Nxc6 {[%clk 1:33:45]} bxc6
{[%clk 1:32:29]} 9. Bd3 {[%clk 1:34:09]} Ne7 {[%clk 1:32:06]} 10. O-O
{[%clk 1:34:31]} O-O {[%clk 1:31:26]} 11. cxd5 {[%clk 1:34:53]} cxd5
{[%clk 1:29:26]} 12. Re1 {[%clk 1:16:07]} Ng6 {[%clk 1:19:58]} 13. Bd2
{[%clk 0:51:17]} Bxc3 {[%clk 0:57:08]} 14. Bxc3 {[%clk 0:51:03]} a5
{[%clk 0:55:06]} 15. Bc2 {[%clk 0:40:46]} Qg5 {[%clk 0:38:54]} 16. Re3
{[%clk 0:27:13]} Bb7 {[%clk 0:34:59]} 17. Rg3 {[%clk 0:23:04]} Qf4
{[%clk 0:33:07]} 18. Rg4 {[%clk 0:17:33]} Qh6 {[%clk 0:33:10]} 19. Qd4
{[%clk 0:05:55]} Rfc8 {[%clk 0:28:55]} 20. b3 {[%clk 0:03:24]} Qh5
{[%clk 0:26:26]} 21. Rg3 {[%clk 0:00:58]} Rc6 {[%clk 0:23:37]} 22. Rc1
{[%clk 0:00:44]} Rac8 {[%clk 0:23:09]} 23. Re1 {[%clk 0:00:43]} Ba6
{[%clk 0:19:07]} 24. Bd1 {[%clk 0:00:44]} Qf5 {[%clk 0:18:33]} 25. a4
{[%clk 0:00:45]} Rc5 {[%clk 0:18:09]} 26. h4 {[%clk 0:00:51]} Qf4
{[%clk 0:18:14]} 27. h5 {[%clk 0:00:54]} Rxc3 {[%clk 0:17:46]} 28. Qxc3
{[%clk 0:01:06]} Rxc3 {[%clk 0:17:58]} 29. Rxc3 {[%clk 0:01:35]} Nxe5
{[%clk 0:15:49]} 30. Be2 {[%clk 0:01:47]} Bb7 {[%clk 0:16:07]} 31. Rc7
{[%clk 0:01:29]} Nf3+ {[%clk 0:16:27]} 0-1

[Event "EYCC 2024 - G14"]
[Site "?"]
[Date "2024.08.29"]
[Round "7.3"]
[White "Biro, Beata"]
[Black "Gunasti, Latife Yade"]
[Result "0-1"]
[BlackElo "1704"]
[WhiteElo "1926"]
[LiveChessVersion "1.4.8"]

1. d4 {[%clk 1:30:58]} Nf6 {[%clk 1:30:52]} 2. Nc3 {[%clk 1:31:21]} d5
{[%clk 1:30:39]} 3. Nf3 {[%clk 1:30:08]} Bf5 {[%clk 1:26:42]} 4. Bf4
{[%clk 1:29:29]} a6 {[%clk 1:23:14]} 5. e3 {[%clk 1:28:16]} e6 {[%clk 1:21:39]}
6. Be2 {[%clk 1:25:48]} Nbd7 {[%clk 1:16:43]} 7. O-O {[%clk 1:24:10]} Be7
{[%clk 1:15:02]} 8. Qd2 {[%clk 1:17:29]} O-O {[%clk 1:11:11]} 9. Ne5
{[%clk 1:12:07]} Nxe5 {[%clk 1:07:08]} 10. dxe5 {[%clk 1:11:14]} Ne4
{[%clk 1:07:18]} 11. Nxe4 {[%clk 1:10:47]} Bxe4 {[%clk 1:07:40]} 12. Bg3
{[%clk 1:08:58]} Bg6 {[%clk 1:05:15]} 13. Rad1 {[%clk 1:05:03]} c6
{[%clk 1:02:27]} 14. c4 {[%clk 0:59:34]} Qb6 {[%clk 0:59:19]} 15. a3
{[%clk 0:53:36]} Rfd8 {[%clk 0:55:42]} 16. Qc3 {[%clk 0:53:01]} a5
{[%clk 0:52:26]} 17. f3 {[%clk 0:49:19]} Bc5 {[%clk 0:47:49]} 18. Bf2
{[%clk 0:49:07]} a4 {[%clk 0:38:53]} 19. Rc1 {[%clk 0:46:28]} Rac8
{[%clk 0:36:15]} 20. Bd1 {[%clk 0:43:17]} Qa7 {[%clk 0:32:26]} 21. Kh1
{[%clk 0:42:03]} dxc4 {[%clk 0:31:28]} 22. Be2 {[%clk 0:34:24]} b5
{[%clk 0:29:47]} 23. Rcd1 {[%clk 0:30:15]} Bb6 {[%clk 0:27:29]} 24. Rd6
{[%clk 0:24:00]} Ba5 {[%clk 0:24:55]} 25. Qc1 {[%clk 0:23:44]} Qc5
{[%clk 0:21:33]} 26. Rxd8+ {[%clk 0:17:15]} Rxd8 {[%clk 0:21:13]} 27. f4
{[%clk 0:17:38]} Bd2 {[%clk 0:13:41]} 28. Qd1 {[%clk 0:13:32]} Be4
{[%clk 0:11:35]} 29. Bf3 {[%clk 0:11:32]} Qd5 {[%clk 0:10:06]} 30. Bh4
{[%clk 0:08:54]} Rd7 {[%clk 0:09:14]} 31. Bxe4 {[%clk 0:09:16]} Qxe4
{[%clk 0:09:39]} 32. Rf3 {[%clk 0:09:33]} Rd3 {[%clk 0:08:55]} 33. Qe2
{[%clk 0:08:33]} Rxe3 {[%clk 0:07:15]} 34. Qxd2 {[%clk 0:08:49]} Qb1+
{[%clk 0:07:42]} 0-1

[Event "EYCC 2024 - G14"]
[Site "?"]
[Date "2024.08.29"]
[Round "7.4"]
[White "Gevorgyan, Nrane"]
[Black "Haasova, Timea"]
[Result "0-1"]
[BlackElo "1890"]
[WhiteElo "1627"]
[LiveChessVersion "1.4.8"]

1. Nf3 {[%clk 1:30:57]} Nf6 {[%clk 1:30:09]} 2. b3 {[%clk 1:31:21]} b6
{[%clk 1:29:05]} 3. Bb2 {[%clk 1:31:45]} Bb7 {[%clk 1:29:17]} 4. e3
{[%clk 1:32:11]} e6 {[%clk 1:28:18]} 5. Be2 {[%clk 1:32:35]} Be7 {[%clk 1:27:11]}
6. O-O {[%clk 1:32:57]} c5 {[%clk 1:16:44]} 7. d4 {[%clk 1:33:09]} d5
{[%clk 1:12:35]} 8. dxc5 {[%clk 1:30:48]} bxc5 {[%clk 1:12:01]} 9. Na3
{[%clk 1:25:28]} Nc6 {[%clk 1:06:08]} 10. Qc1 {[%clk 1:13:03]} O-O
{[%clk 1:00:14]} 11. Rd1 {[%clk 1:09:15]} Qb6 {[%clk 0:56:41]} 12. c4
{[%clk 1:03:15]} Rfd8 {[%clk 0:51:37]} 13. cxd5 {[%clk 0:58:15]} exd5
{[%clk 0:51:30]} 14. Qc2 {[%clk 0:52:20]} Nb4 {[%clk 0:44:04]} 15. Qf5
{[%clk 0:51:20]} Bc8 {[%clk 0:42:09]} 16. Qe5 {[%clk 0:47:53]} Nc6
{[%clk 0:37:13]} 17. Qc3 {[%clk 0:47:08]} Bf5 {[%clk 0:33:50]} 18. Nh4
{[%clk 0:44:32]} Be4 {[%clk 0:30:36]} 19. f3 {[%clk 0:39:04]} Bg6
{[%clk 0:28:53]} 20. Nxg6 {[%clk 0:38:13]} hxg6 {[%clk 0:29:11]} 21. Kf1
{[%clk 0:33:45]} d4 {[%clk 0:23:17]} 22. exd4 {[%clk 0:31:58]} cxd4
{[%clk 0:21:50]} 23. Qc1 {[%clk 0:31:15]} Nd5 {[%clk 0:15:14]} 24. Nc4
{[%clk 0:24:03]} Qc7 {[%clk 0:14:51]} 25. g3 {[%clk 0:23:24]} Bf6
{[%clk 0:13:36]} 26. a3 {[%clk 0:19:31]} Rac8 {[%clk 0:12:42]} 27. Rd3
{[%clk 0:17:18]} Qd7 {[%clk 0:11:53]} 28. Qd2 {[%clk 0:16:16]} Qf5
{[%clk 0:07:02]} 29. Kg1 {[%clk 0:14:56]} Ne3 {[%clk 0:06:18]} 30. Rc1
{[%clk 0:06:09]} Nxc4 {[%clk 0:04:27]} 31. bxc4 {[%clk 0:06:11]} Ne5
{[%clk 0:04:25]} 32. g4 {[%clk 0:05:49]} Qxd3 {[%clk 0:04:28]} 33. Qxd3
{[%clk 0:05:32]} Nxd3 {[%clk 0:04:54]} 34. Bxd3 {[%clk 0:05:59]} Rb8
{[%clk 0:05:03]} 35. Rc2 {[%clk 0:06:23]} Rb3 {[%clk 0:05:20]} 36. Be4
{[%clk 0:05:13]} d3 {[%clk 0:04:52]} 37. Bxf6 {[%clk 0:05:41]} dxc2
{[%clk 0:04:15]} 38. Bxc2 {[%clk 0:06:09]} gxf6 {[%clk 0:04:24]} 39. Bxb3
{[%clk 0:06:37]} Rd3 {[%clk 0:04:46]} 40. Ba4 {[%clk 0:06:47]} Rxf3
{[%clk 0:04:47]} 41. c5 {[%clk 0:06:51]} Rxa3 {[%clk 0:04:56]} 42. Bd7
{[%clk 0:07:19]} Rc3 {[%clk 0:04:43]} 43. c6 {[%clk 0:07:48]} Kf8
{[%clk 0:04:54]} 44. h4 {[%clk 0:08:06]} a5 {[%clk 0:04:08]} 45. h5
{[%clk 0:08:29]} a4 {[%clk 0:02:09]} 46. c7 {[%clk 0:08:58]} a3 {[%clk 0:02:15]}
0-1

[Event "EYCC 2024 - G14"]
[Site "?"]
[Date "2024.08.29"]
[Round "7.5"]
[White "Valente, Sofia"]
[Black "Kravchenko, Anastasiia"]
[Result "1-0"]
[BlackElo "1690"]
[WhiteElo "1888"]
[LiveChessVersion "1.4.8"]

1. d4 {[%clk 1:30:58]} Nf6 {[%clk 1:30:50]} 2. c4 {[%clk 1:31:22]} g6
{[%clk 1:31:13]} 3. Nc3 {[%clk 1:31:49]} Bg7 {[%clk 1:31:37]} 4. e4
{[%clk 1:32:08]} d6 {[%clk 1:31:56]} 5. Nf3 {[%clk 1:32:34]} O-O {[%clk 1:31:27]}
6. Be2 {[%clk 1:32:55]} Nc6 {[%clk 1:29:56]} 7. O-O {[%clk 1:32:46]} e5
{[%clk 1:30:19]} 8. d5 {[%clk 1:33:04]} Ne7 {[%clk 1:30:43]} 9. b4
{[%clk 1:33:14]} Nd7 {[%clk 1:30:28]} 10. a4 {[%clk 1:33:25]} f5 {[%clk 1:30:19]}
11. a5 {[%clk 1:33:03]} Nf6 {[%clk 1:29:14]} 12. Ra3 {[%clk 1:31:40]} f4
{[%clk 1:19:29]} 13. c5 {[%clk 1:31:38]} h6 {[%clk 1:19:29]} 14. b5
{[%clk 1:31:44]} g5 {[%clk 1:17:47]} 15. b6 {[%clk 1:31:27]} axb6
{[%clk 1:08:07]} 16. axb6 {[%clk 1:29:54]} Rxa3 {[%clk 1:08:30]} 17. Bxa3
{[%clk 1:30:02]} Ng6 {[%clk 0:59:34]} 18. bxc7 {[%clk 1:29:46]} Qxc7
{[%clk 0:59:56]} 19. Nb5 {[%clk 1:22:09]} Qa5 {[%clk 0:56:46]} 20. Qb3
{[%clk 1:12:39]} g4 {[%clk 0:56:22]} 21. Bb4 {[%clk 1:08:31]} Qd8
{[%clk 0:51:07]} 22. Ne1 {[%clk 1:05:15]} f3 {[%clk 0:44:07]} 23. Bd1
{[%clk 0:57:51]} Nf4 {[%clk 0:42:12]} 24. Nxd6 {[%clk 0:56:44]} fxg2
{[%clk 0:41:51]} 25. Nxg2 {[%clk 0:56:15]} Nh3+ {[%clk 0:31:34]} 26. Kh1
{[%clk 0:56:33]} Ne8 {[%clk 0:27:39]} 27. Nf5 {[%clk 0:48:42]} Bxf5
{[%clk 0:23:22]} 28. exf5 {[%clk 0:48:28]} Rxf5 {[%clk 0:21:16]} 29. Bxg4
{[%clk 0:44:30]} Rxf2 {[%clk 0:20:00]} 30. Be6+ {[%clk 0:44:20]} Kh8
{[%clk 0:20:19]} 31. Rxf2 {[%clk 0:42:38]} Nxf2+ {[%clk 0:20:41]} 32. Kg1
{[%clk 0:43:05]} Qf6 {[%clk 0:20:13]} 33. Qc2 {[%clk 0:40:43]} Nh1
{[%clk 0:06:22]} 34. Qf5 {[%clk 0:39:47]} e4 {[%clk 0:05:06]} 35. Qxf6
{[%clk 0:39:40]} Nxf6 {[%clk 0:05:05]} 36. Kxh1 {[%clk 0:39:23]} Ne8
{[%clk 0:04:59]} 37. Bc8 {[%clk 0:38:28]} Bd4 {[%clk 0:04:57]} 38. Bxb7
{[%clk 0:38:17]} e3 {[%clk 0:05:16]} 39. Nf4 {[%clk 0:37:57]} 1-0

[Event "EYCC 2024 - G14"]
[Site "?"]
[Date "2024.08.29"]
[Round "7.6"]
[White "Velychko, Sofiya"]
[Black "Viti, Greta"]
[Result "1-0"]
[BlackElo "1874"]
[WhiteElo "1691"]
[LiveChessVersion "1.4.8"]

1. e4 {[%clk 1:30:59]} e5 {[%clk 1:30:56]} 2. d4 {[%clk 1:31:20]} exd4
{[%clk 1:31:21]} 3. Qxd4 {[%clk 1:31:42]} Nc6 {[%clk 1:31:42]} 4. Qe3
{[%clk 1:31:59]} g6 {[%clk 1:31:37]} 5. Nc3 {[%clk 1:31:17]} Bg7 {[%clk 1:32:01]}
6. Bd2 {[%clk 1:30:14]} Nf6 {[%clk 1:31:34]} 7. O-O-O {[%clk 1:29:48]} O-O
{[%clk 1:30:43]} 8. Bc4 {[%clk 1:27:50]} Re8 {[%clk 1:26:56]} 9. f3
{[%clk 1:25:11]} a6 {[%clk 1:21:12]} 10. g4 {[%clk 1:23:59]} b5 {[%clk 1:14:13]}
11. Bb3 {[%clk 1:23:00]} d6 {[%clk 1:07:41]} 12. h4 {[%clk 1:19:47]} h5
{[%clk 0:59:51]} 13. g5 {[%clk 1:17:55]} Nd7 {[%clk 0:59:20]} 14. Nh3
{[%clk 1:10:15]} Nde5 {[%clk 0:47:38]} 15. Nd5 {[%clk 0:57:14]} a5
{[%clk 0:39:15]} 16. a4 {[%clk 0:54:24]} bxa4 {[%clk 0:29:08]} 17. Bxa4
{[%clk 0:52:05]} Bxh3 {[%clk 0:23:37]} 18. Bxc6 {[%clk 0:48:00]} Nxc6
{[%clk 0:22:40]} 19. Rxh3 {[%clk 0:48:12]} Ne5 {[%clk 0:20:52]} 20. Bc3
{[%clk 0:46:09]} Qc8 {[%clk 0:12:28]} 21. Nf6+ {[%clk 0:39:36]} Kh8
{[%clk 0:09:26]} 22. Nxe8 {[%clk 0:35:36]} Qxh3 {[%clk 0:09:44]} 23. Nxg7
{[%clk 0:35:26]} Kxg7 {[%clk 0:09:58]} 24. Qf4 {[%clk 0:35:16]} Re8
{[%clk 0:07:40]} 25. Qf6+ {[%clk 0:33:24]} Kg8 {[%clk 0:07:12]} 26. f4
{[%clk 0:32:05]} Re6 {[%clk 0:05:33]} 27. Qd8+ {[%clk 0:31:12]} Kg7
{[%clk 0:05:50]} 28. fxe5 {[%clk 0:31:20]} dxe5 {[%clk 0:06:08]} 29. Bxe5+
{[%clk 0:31:36]} 1-0

[Event "EYCC 2024 - G14"]
[Site "?"]
[Date "2024.08.29"]
[Round "7.7"]
[White "Khairova, Evelina"]
[Black "Buchtova, Viktorie"]
[Result "1/2-1/2"]
[BlackElo "1854"]
[WhiteElo "1717"]
[LiveChessVersion "1.4.8"]

1. Nf3 {[%clk 1:30:57]} Nf6 {[%clk 1:30:53]} 2. g3 {[%clk 1:31:17]} d5
{[%clk 1:30:58]} 3. Bg2 {[%clk 1:31:40]} c6 {[%clk 1:30:53]} 4. O-O
{[%clk 1:27:53]} Bf5 {[%clk 1:30:12]} 5. b3 {[%clk 1:20:15]} e6 {[%clk 1:29:33]}
6. Bb2 {[%clk 1:19:35]} Be7 {[%clk 1:26:35]} 7. c4 {[%clk 1:19:18]} h6
{[%clk 1:25:55]} 8. d3 {[%clk 1:19:06]} O-O {[%clk 1:25:58]} 9. Nbd2
{[%clk 1:18:58]} Nbd7 {[%clk 1:25:36]} 10. Re1 {[%clk 1:16:30]} Bh7
{[%clk 1:24:36]} 11. a3 {[%clk 1:07:24]} a5 {[%clk 1:23:27]} 12. Qc2
{[%clk 1:05:55]} Qb8 {[%clk 1:16:17]} 13. e4 {[%clk 0:59:03]} dxe4
{[%clk 1:10:07]} 14. dxe4 {[%clk 0:55:41]} Rd8 {[%clk 1:05:38]} 15. Nd4
{[%clk 0:53:15]} Bc5 {[%clk 1:00:28]} 16. Nf1 {[%clk 0:43:30]} Qa7
{[%clk 0:44:58]} 17. Rad1 {[%clk 0:39:21]} Ng4 {[%clk 0:30:21]} 18. h3
{[%clk 0:32:07]} Nxf2 {[%clk 0:28:46]} 19. Qxf2 {[%clk 0:28:40]} e5
{[%clk 0:26:27]} 20. Kh2 {[%clk 0:26:49]} Nf6 21. Rd3 {[%clk 0:16:08]} Bxd4
{[%clk 0:15:54]} 22. Bxd4 {[%clk 0:14:36]} Rxd4 {[%clk 0:16:07]} 23. Rxd4
{[%clk 0:12:41]} Qxd4 {[%clk 0:16:14]} 24. Qxd4 {[%clk 0:12:02]} exd4
{[%clk 0:16:42]} 25. Nd2 {[%clk 0:11:10]} Nd7 {[%clk 0:13:33]} 26. Nf3
{[%clk 0:08:17]} Nc5 {[%clk 0:10:46]} 27. Nxd4 {[%clk 0:07:14]} Rd8
{[%clk 0:10:48]} 28. Nf5 {[%clk 0:06:33]} Nxb3 {[%clk 0:10:32]} 29. Rb1
{[%clk 0:06:01]} Nc5 {[%clk 0:09:57]} 30. g4 {[%clk 0:03:24]} Rd3
{[%clk 0:06:24]} 31. a4 {[%clk 0:03:47]} Bxf5 {[%clk 0:05:59]} 32. exf5
{[%clk 0:03:27]} Ra3 {[%clk 0:05:44]} 33. Rd1 {[%clk 0:03:34]} Kf8
{[%clk 0:05:18]} 34. Rd8+ {[%clk 0:04:00]} Ke7 {[%clk 0:05:39]} 35. Rc8
{[%clk 0:04:27]} Na6 {[%clk 0:03:36]} 36. Ra8 {[%clk 0:01:35]} Rxa4
{[%clk 0:01:48]} 37. Bxc6 {[%clk 0:01:58]} bxc6 {[%clk 0:01:29]} 38. Rxa6
{[%clk 0:02:26]} Rxc4 {[%clk 0:01:23]} 39. Ra7+ {[%clk 0:02:09]} Kf6
{[%clk 0:01:38]} 40. Rxa5 {[%clk 0:02:27]} Kg5 {[%clk 0:00:58]} 41. Ra7
{[%clk 0:01:39]} Kh4 {[%clk 0:01:03]} 42. Rxf7 {[%clk 0:01:32]} Rc2+
{[%clk 0:00:52]} 43. Kg1 {[%clk 0:01:58]} Kxh3 {[%clk 0:01:07]} 44. Rxg7
{[%clk 0:02:08]} Kg3 {[%clk 0:00:45]} 45. Kf1 {[%clk 0:02:36]} c5
{[%clk 0:00:40]} 46. Ke1 {[%clk 0:02:14]} Rf2 {[%clk 0:00:43]} 47. Rg6
{[%clk 0:00:45]} Rf4 {[%clk 0:00:57]} 48. Rxh6 {[%clk 0:00:51]} Kxg4
{[%clk 0:01:13]} 49. Kd2 {[%clk 0:00:52]} 1/2-1/2

[Event "EYCC 2024 - G14"]
[Site "?"]
[Date "2024.08.29"]
[Round "7.8"]
[White "Li, Anna Sofie"]
[Black "Sivashankar, Samyukta"]
[Result "1-0"]
[BlackElo "1801"]
[WhiteElo "2032"]
[LiveChessVersion "1.4.8"]

1. e4 {[%clk 1:30:57]} d5 {[%clk 1:30:42]} 2. exd5 {[%clk 1:31:22]} Nf6
{[%clk 1:31:04]} 3. d4 {[%clk 1:31:45]} Bg4 {[%clk 1:31:24]} 4. f3
{[%clk 1:32:09]} Bd7 {[%clk 1:31:48]} 5. c4 {[%clk 1:32:32]} c6 {[%clk 1:32:12]}
6. Nc3 {[%clk 1:32:15]} cxd5 {[%clk 1:27:13]} 7. cxd5 {[%clk 1:32:15]} e6
{[%clk 1:26:58]} 8. dxe6 {[%clk 1:27:35]} Bxe6 {[%clk 1:27:21]} 9. Bd3
{[%clk 1:24:21]} Nc6 {[%clk 1:23:11]} 10. Nge2 {[%clk 1:23:04]} Be7
{[%clk 1:21:00]} 11. Be3 {[%clk 1:21:11]} O-O {[%clk 1:20:01]} 12. O-O
{[%clk 1:18:13]} a6 {[%clk 1:14:37]} 13. Rc1 {[%clk 1:14:52]} Nb4
{[%clk 1:13:10]} 14. Bb1 {[%clk 1:11:45]} Nbd5 {[%clk 1:10:33]} 15. Bf2
{[%clk 1:06:24]} Nb6 {[%clk 1:04:12]} 16. Nf4 {[%clk 1:02:10]} Bc4
{[%clk 1:02:37]} 17. Re1 {[%clk 0:59:59]} Bd6 {[%clk 0:55:55]} 18. Nd3
{[%clk 0:53:28]} Qb8 {[%clk 0:44:22]} 19. Ne5 {[%clk 0:51:53]} Be6
{[%clk 0:44:14]} 20. f4 {[%clk 0:45:16]} Nfd5 {[%clk 0:41:54]} 21. Nxd5
{[%clk 0:35:34]} Nxd5 {[%clk 0:42:03]} 22. f5 {[%clk 0:25:22]} Bc8
{[%clk 0:38:46]} 23. Bh4 {[%clk 0:19:29]} f6 {[%clk 0:36:07]} 24. Qb3
{[%clk 0:18:10]} fxe5 {[%clk 0:31:49]} 25. Qxd5+ {[%clk 0:18:30]} Kh8
{[%clk 0:32:15]} 26. dxe5 {[%clk 0:18:33]} Bb4 {[%clk 0:26:15]} 27. Rf1
{[%clk 0:17:14]} Re8 {[%clk 0:24:20]} 28. f6 {[%clk 0:15:46]} Be6
{[%clk 0:17:19]} 29. fxg7+ {[%clk 0:15:21]} Kxg7 {[%clk 0:14:52]} 30. Qd3
{[%clk 0:14:54]} Rh8 {[%clk 0:12:21]} 31. Qg3+ {[%clk 0:15:12]} Bg4
{[%clk 0:12:28]} 32. Qxg4+ {[%clk 0:15:33]} Kh6 {[%clk 0:12:47]} 33. Rf6#
{[%clk 0:14:58]} 1-0

[Event "EYCC 2024 - G14"]
[Site "?"]
[Date "2024.08.29"]
[Round "7.9"]
[White "Nenova, Andzhelika"]
[Black "Wagner, Cosima Thien-An"]
[Result "1/2-1/2"]
[BlackElo "1766"]
[WhiteElo "1969"]
[LiveChessVersion "1.4.8"]

1. e4 {[%clk 1:30:57]} c5 {[%clk 1:30:58]} 2. Nf3 {[%clk 1:31:23]} g6
{[%clk 1:31:24]} 3. d4 {[%clk 1:31:49]} cxd4 {[%clk 1:31:49]} 4. Nxd4
{[%clk 1:32:14]} Bg7 {[%clk 1:32:15]} 5. Nc3 {[%clk 1:32:32]} Nc6
{[%clk 1:32:40]} 6. Be3 {[%clk 1:32:52]} Nf6 {[%clk 1:33:06]} 7. Bc4
{[%clk 1:33:09]} O-O {[%clk 1:33:30]} 8. Bb3 {[%clk 1:33:32]} a5 {[%clk 1:33:54]}
9. O-O {[%clk 1:33:38]} d6 {[%clk 1:32:06]} 10. Ndb5 {[%clk 1:32:22]} Ng4
{[%clk 1:27:08]} 11. Bg5 {[%clk 1:30:18]} h6 {[%clk 1:24:50]} 12. Bh4
{[%clk 1:30:34]} Bd7 {[%clk 1:18:55]} 13. h3 {[%clk 1:14:16]} Nf6
{[%clk 1:17:19]} 14. Qe2 {[%clk 1:12:44]} Na7 {[%clk 1:06:24]} 15. Nd4
{[%clk 1:03:29]} Nc6 16. Ndb5 {[%clk 0:59:37]} Na7 {[%clk 1:03:18]} 17. Nxa7
{[%clk 0:56:44]} Rxa7 {[%clk 1:02:52]} 18. a4 Bc6 {[%clk 0:41:58]} 19. Rad1
{[%clk 0:56:04]} Nd7 {[%clk 0:38:08]} 20. f4 {[%clk 0:48:46]} Nc5
{[%clk 0:32:21]} 21. Bf2 {[%clk 0:46:54]} Qc7 {[%clk 0:26:44]} 22. e5
{[%clk 0:46:00]} Raa8 {[%clk 0:25:01]} 23. exd6 {[%clk 0:37:07]} exd6
{[%clk 0:25:20]} 24. Qc4 {[%clk 0:33:23]} Nxb3 {[%clk 0:16:10]} 25. Qxb3
{[%clk 0:31:54]} Qd7 {[%clk 0:05:14]} 26. Bd4 {[%clk 0:20:45]} Rad8
{[%clk 0:02:45]} 27. Bxg7 {[%clk 0:19:23]} Kxg7 {[%clk 0:03:10]} 28. Rd4
{[%clk 0:19:41]} Rfe8 {[%clk 0:01:07]} 29. Nd5 {[%clk 0:19:05]} Bxd5
{[%clk 0:00:57]} 30. Rxd5 {[%clk 0:17:53]} Qc6 {[%clk 0:00:59]} 31. Rf2
{[%clk 0:10:02]} Re4 {[%clk 0:01:01]} 32. Rb5 {[%clk 0:10:10]} Rd7
{[%clk 0:00:46]} 33. f5 {[%clk 0:10:06]} d5 {[%clk 0:00:39]} 34. fxg6
{[%clk 0:09:53]} fxg6 {[%clk 0:01:03]} 35. Qf3 {[%clk 0:08:06]} Re1+
{[%clk 0:00:57]} 36. Kh2 {[%clk 0:08:35]} Qd6+ {[%clk 0:01:17]} 37. g3
{[%clk 0:08:59]} b6 {[%clk 0:00:51]} 38. Qc3+ {[%clk 0:08:03]} Re5
{[%clk 0:01:13]} 39. Rxb6 {[%clk 0:08:23]} Qxb6 {[%clk 0:01:28]} 40. Qxe5+
{[%clk 0:08:46]} Kh7 {[%clk 0:01:41]} 41. Rf8 {[%clk 0:07:47]} Rg7
{[%clk 0:01:31]} 42. Qe8 {[%clk 0:05:34]} Rg8 {[%clk 0:01:41]} 43. Rf7+
{[%clk 0:05:54]} Rg7 {[%clk 0:01:14]} 44. Rf8 {[%clk 0:04:08]} Rg8
{[%clk 0:01:30]} 45. Qe7+ {[%clk 0:04:13]} Rg7 {[%clk 0:01:38]} 46. Qd8
{[%clk 0:03:39]} Qxd8 {[%clk 0:00:52]} 47. Rxd8 {[%clk 0:04:08]} Rc7
{[%clk 0:00:37]} 48. c3 {[%clk 0:04:19]} Rb7 {[%clk 0:00:40]} 49. Rxd5
{[%clk 0:04:02]} Rxb2+ {[%clk 0:01:04]} 50. Kg1 {[%clk 0:04:30]} Rb3
{[%clk 0:00:49]} 51. Rd7+ {[%clk 0:03:31]} Kg8 {[%clk 0:01:14]} 52. Rc7
{[%clk 0:03:57]} Ra3 {[%clk 0:01:17]} 53. Rc4 {[%clk 0:04:16]} Ra2
{[%clk 0:01:16]} 54. Re4 {[%clk 0:03:55]} Ra3 {[%clk 0:01:15]} 55. Rc4
{[%clk 0:02:38]} Ra2 {[%clk 0:01:38]} 56. Kf1 {[%clk 0:02:00]} Kf7
{[%clk 0:01:36]} 57. Ke1 {[%clk 0:01:38]} Rg2 {[%clk 0:00:49]} 58. g4
{[%clk 0:01:56]} Rh2 {[%clk 0:01:09]} 59. Rc7+ {[%clk 0:00:38]} Ke6
{[%clk 0:01:00]} 60. Rc6+ {[%clk 0:00:48]} Kf7 {[%clk 0:01:16]} 61. Rc7+
{[%clk 0:00:40]} Ke6 {[%clk 0:01:41]} 62. Rc6+ {[%clk 0:00:42]} Kf7
{[%clk 0:02:07]} 63. Ra6 {[%clk 0:00:47]} Rxh3 {[%clk 0:02:27]} 64. Rxa5
{[%clk 0:01:02]} Rxc3 {[%clk 0:02:52]} 65. Ra7+ {[%clk 0:00:41]} Kf6
{[%clk 0:02:30]} 66. Kf2 {[%clk 0:00:35]} 1/2-1/2

[Event "EYCC 2024 - G14"]
[Site "?"]
[Date "2024.08.29"]
[Round "7.10"]
[White "Slivova, Linda"]
[Black "Brunner, Josephina Akiko"]
[Result "1-0"]
[BlackElo "1760"]
[WhiteElo "1963"]
[LiveChessVersion "1.4.8"]

1. d4 {[%clk 1:30:55]} Nf6 {[%clk 1:30:44]} 2. Nf3 {[%clk 1:31:16]} g6
{[%clk 1:31:01]} 3. Bf4 {[%clk 1:31:33]} c5 {[%clk 1:29:40]} 4. Nc3
{[%clk 1:26:34]} Qb6 {[%clk 1:11:17]} 5. Rb1 {[%clk 1:20:56]} Bg7
{[%clk 1:07:22]} 6. d5 {[%clk 1:05:37]} d6 {[%clk 1:05:37]} 7. a3
{[%clk 1:01:27]} O-O {[%clk 1:00:53]} 8. e4 {[%clk 1:01:28]} Nbd7
{[%clk 0:55:24]} 9. Be2 {[%clk 1:00:20]} a6 {[%clk 0:50:08]} 10. O-O
{[%clk 0:59:50]} Qc7 {[%clk 0:49:10]} 11. a4 {[%clk 0:52:15]} Rb8
{[%clk 0:39:48]} 12. Qd2 {[%clk 0:45:32]} Ne5 {[%clk 0:19:43]} 13. Nxe5
{[%clk 0:41:53]} dxe5 {[%clk 0:20:04]} 14. Bg3 {[%clk 0:37:20]} Ng4
{[%clk 0:13:03]} 15. Bxg4 {[%clk 0:35:13]} Bxg4 {[%clk 0:13:25]} 16. f3
{[%clk 0:35:08]} Bd7 {[%clk 0:13:21]} 17. Rfd1 {[%clk 0:30:49]} Rfd8
{[%clk 0:11:45]} 18. d6 {[%clk 0:25:39]} exd6 {[%clk 0:11:58]} 19. Nd5
{[%clk 0:25:44]} Bh6 {[%clk 0:05:17]} 20. Qxh6 {[%clk 0:24:55]} 1-0